Statystyki dla Zagraniczni żużlowcy występujący w Unii Leszno

Kliknij tutaj aby rozwiązać quiz!

Ogólne statystyki

  • Ten quiz został rozwiązany 315 razy
    (171 od ostatniego zresetowania)
  • Średni wynik to 16 z 39

Statystyki odpowiedzi

NarodowośćLata startówOdpowiedź% Poprawnych
Australia2021-22Jason Doyle
91%
Francja2022David Bellego
89%
Dania2014-17Nicki Pedersen
86%
Australia2018-22Jaimon Lidsey
78%
Australia1996-2010Leigh Adams
76%
Dania1999Ronni Pedersen
72%
Australia2022Keynan Rew
69%
Rosja2015-2021Emil Sayfutdinov
66%
Chorwacja2007-2012Jurica Pavlic
66%
USA1992-94Greg Hancock
63%
Szwecja2013Fredrik Lindgren
62%
Australia2018-20Brady Kurtz
60%
Dania2013-14Kenneth Bjerre
52%
Dania2016-17Peter Kildemand
52%
Czechy2001-02Ales Dryml
49%
Czechy2003Lukas Dryml
49%
Dania2013-14Mikkel Michelsen
48%
Australia2007-2012Troy Batchelor
46%
Wielka Brytania2006Mark Loram
43%
Szwecja2015Thomas Jonasson
40%
Australia2008-2010Adam Shields
33%
Łotwa1995-2000Andriej Korolew
33%
Wielka Brytania2011Edward Kennett
29%
Wielka Brytania2000Scott Nicholls
27%
Finlandia2003Joonas Kylmaekorpi
24%
Dania2006-07Patrick Hougaard
21%
Dania1998-99Brian Andersen
20%
Australia1997Craig Boyce
16%
Australia1999-2000Jason Lyons
15%
Szwecja2002Niklas Klingberg
15%
USA1992, 1997-98Ronnie Correy
15%
Australia2007Travis McGowan
14%
Czechy1993Roman Matousek
13%
Wielka Brytania2001Adam Smith
11%
Australia2001Steve Johnston
9%
Czechy1992Vladimir Kalina
9%
Czechy1993-94Zdenek Tesar
9%
Czechy1992Robert Ralis
8%
Wielka Brytania1994Simon Wigg
8%

Rozkład punktacji

Percentyl według liczby udzielonych odpowiedzi

Procent ludzi z każdym wynikiem

Twoja historia wyników

Nie rozwiązałeś tego quizu od ostatniego zresetowania